000 00626nam a2200193Ia 4500
003 GCL
008 140319s9999 xx 000 0 ara d
040 _aGCL /
_cGCL
082 0 4 _a823
_bهـ ت
100 1 _aنظمى لوقا
245 1 0 _aنقطة مقابل نقطة (هدية من الاديب عبدالفتاح الجمل) /
_cنظمى لوقا
700 1 _aهكسلى ، الدوس
300 _a428 ص
490 _aالالف كتاب الثانى
_v0
650 0 4 _aالادب
650 0 4 _aالادب الانجليزى المترجم
650 0 4 _aالادب العالمى المترجم
942 _2ddc
_cBK
999 _c40813
_d40813